| 000 | 01665nam a22003854a 4500 | ||
|---|---|---|---|
| 001 | ebr10044110 | ||
| 003 | CaPaEBR | ||
| 006 | m u | ||
| 007 | cr cn||||||||| | ||
| 008 | 030314s2003 iluaf s 001 0 eng | ||
| 010 | _z 2003005945 | ||
| 020 | _z079317015X (7.25x9 paperback) | ||
| 040 |
_aCaPaEBR _cCaPaEBR |
||
| 035 | _a(OCoLC)54070091 | ||
| 050 | 1 | 4 |
_aHD30.23 _b.M3687 2003eb |
| 082 | 0 | 4 |
_a650.1 _221 |
| 100 | 1 |
_aMarkus, Donalee, _d1945- |
|
| 245 | 1 | 0 |
_aRetrain your business brain _h[electronic resource] : _boutsmart the corporate competition / _cDonalee Markus ; Lindsey Paige Markus, and Pat Taylor. |
| 246 | 3 | _aBusiness brain | |
| 260 |
_aChicago : _bDearborn Trade Pub., _cc2003. |
||
| 300 |
_axxi, 265 p., 8 p. of plates : _bill. |
||
| 500 | _aIncludes index. | ||
| 505 | 0 | _aWorking smarter, not harder -- Diagnosing thinking types -- Mediation -- Analogies -- Progressions -- Part/whole relationships -- Mistakes -- Verbal -- Connecting the dots -- Categories -- Decoding a system -- Getting the results you want. | |
| 533 |
_aElectronic reproduction. _bPalo Alto, Calif. : _cebrary, _d2013. _nAvailable via World Wide Web. _nAccess may be limited to ebrary affiliated libraries. |
||
| 650 | 0 | _aOrganizational effectiveness. | |
| 650 | 0 | _aDecision making. | |
| 650 | 0 | _aProblem solving. | |
| 650 | 0 | _aCreative thinking. | |
| 650 | 0 | _aPuzzles. | |
| 655 | 7 |
_aElectronic books. _2local |
|
| 700 | 1 |
_aMarkus, Lindsey, _d1976- |
|
| 700 | 1 |
_aTaylor, Pat, _d1952- |
|
| 710 | 2 | _aebrary, Inc. | |
| 856 | 4 | 0 |
_uhttp://site.ebrary.com/lib/rucke/Doc?id=10044110 _zAn electronic book accessible through the World Wide Web; click to view |
| 999 |
_c75045 _d75045 |
||